Comment Luffy appelle-t-il ces personnages de One Piece ? - Statistiques

Statistiques générales
  • Ce quiz a été pris 39 fois
  • Le résultat moyen est 8 sur 31
Statistiques - réponses
Personnage Surnom % Correct
Barbe-Blanche Le vieux
66%
Marco Tête d'ananas
49%
Donquichotte Doflamingo Mingo
46%
Momonosuke Momo
43%
Trafalgar D.Waterlaw Trifouillis
40%
Kaku Usopp
40%
Bonclay Bobonne
34%
Boa Hancock Hamock/Hanclock
34%
Icebarg Papi Glaçon
34%
Vegapunk Papi Pomme
34%
Emporio Ivankov Mamie Iwa
31%
Baggy Gros nez rouge
29%
Charlotte Brûlée Branche
26%
Rob Lucci Le type au pigeon
26%
Montblanc Cricket Papi Tête de marron
26%
Crocus Tête de fleur
26%
Yamato Yamao
26%
Bartolomeo Le coq
23%
Shiraoshi La pleurnicheuse
20%
Smoker L'enfumeur
20%
Queen Balloon
14%
Eustass Kid Jaggy/Porc-épic
14%
Gecko Moria La grande asperge/Poireau géant
14%
Ener Lobes d'oreille
14%
Cavendish Chou
11%
Blueno Vache
11%
Paulie Le type aux cordes
9%
Monet Femme-oiseau
6%
Sentomaru Hache
6%
Foxy Tronche de cake
6%
Gan Forr Chevalier bizarre
3%
Aucun quiz correspondant
Distribution des résultats
% des personnes avec chaque résultat
Percentile par nombre de réponses
Votre historique - résultats
Vous n’avez pas pris ce quiz